000 00621nam a2200193Ia 4500
003 GCL
008 140319s9999 xx 000 0 ara d
040 _aGCL /
_cGCL
082 0 4 _a928.1
_bج ج
100 1 _aجميل جبر
245 1 0 _aالجاحظ فى حياته وادبه وفكره /
_cجميل جبر
260 _aبيروت :
_bالشركة العالمية للكتاب ش م ل
300 _a310 ص ؛
_c25 سم
490 _a
650 0 4 _aالادباء
650 0 4 _aالجاحظ ،ابى عثمان عمرو بن بحر بن محبوب
650 0 4 _aالادباء - تراجم
942 _2ddc
_cBK
999 _c40900
_d40900